000 00930nas a2200265 4500
001 BR8706276
003 BR-BrBNA
005 20231205090846.0
007 ta
008 230509b bl.|||p| |||| 00| 00por d
040 _aBR-BrBNA
_bpor
_cBiblioteca Nacional de Agricultura
041 _a(Pt)
072 _aL53
100 1 _aMorelli, R.H.
100 1 _aMalheiros, E.B.
100 1 _aPinheiro, L.E.L.
245 1 _aAvaliacao fisico-morfologica das espermatozoides de bovinos normais e de portadores da translocacao Robertsoniana 1/29 [bovino, raca pitangueiras]
246 1 _aPhysical and morphological semen evaluation of normal and 1/29 robertsonian carrier bulls
650 _aBOVINO
650 _aFERTILIDADE ANIMAL
650 _aESPERMATOZOIDE
773 0 _tArs Veterinaria (Brazil)
_xISSN 0102-6380
_g(Nov 1985), v. 1(1) p. 103-110
_wBR8706276
909 _a202311
_bLúcia
_c55
_dLúcia Elande
942 _2AGRIS
_n0
_cANA
999 _c121283
_d121283